| 000 | 004880000a22001810004500 | ||
|---|---|---|---|
| 003 | MACL | ||
| 005 | 20150711160310.0 | ||
| 008 | 150711b xxu||||| |||| 00| 0 eng d | ||
| 040 |
_aMACL _cMACL |
||
| 041 | _aEnglish | ||
| 082 | _a320 | ||
| 100 |
_aDas, Suranjan _91818 |
||
| 245 |
_aInterrogating Politics & Society _bTwentiethCÌœentury Indian Subcontinent |
||
| 260 |
_aNew Delhi _bPrimus Books _c2014 |
||
| 350 | _a950 | ||
| 650 |
_aPolitical Scince _91819 |
||
| 942 |
_cBK _k320/DAS _2ddc |
||
| 999 |
_c49284 _d49284 |
||